Revisin̤ del concepto constitucional del secreto de las comunicaciones

Bibliographic Details
Main Author: Rivero Sǹchez, Fernando Još
Format: eBook
Language:Spanish
Published: Madrid: Dykinson, 2017
Subjects:
Online Access:Acceso restringido

MARC

LEADER 00000nam a22000007a 4500
005 20171022163229.0
007 cr|||| ||||
008 171022s2017 sp |||||s|||| 00||0 spa d
020 |a 978-84-9148-078-5 
035 |a 20744 
040 |a vLex 
090 |c 7132  |d 7132 
100 1 |a Rivero Sǹchez, Fernando Još 
245 1 0 |a Revisin̤ del concepto constitucional del secreto de las comunicaciones  |h [Recurso electrn̤ico] /  |c Fernando Jos ̌Rivero Sǹchez 
256 |a Servicio en ln̕ea 
260 |a Madrid:  |b Dykinson,  |c 2017  
300 |a 1 recurso electrn̤ico 
500 |a Tradicionalmente se ha considerado que el derecho fundamental al secreto de las comunicaciones amparaba solo aquellas comunicaciones realizadas por medio de un operador o tercero que facilita el medio de uso que permita̕ establecer dicha comunicacin̤. La doctrina ms̀ reciente de nuestro Tribunal Constitucional y del Tribunal Europeo de Derechos Humanos, interpretando el Convenio Europeo de Derechos Humanos, evidencia que la comunicacin̤ amparada por el secreto de las comunicaciones es toda aquella comunicacin̤ donde pueda existir una expectativa razonable de privacidad. de ah ̕que puedan quedar amparadas por el secreto de las comunicaciones las comunicaciones verbales u orales interceptadas o captadas por medios artificiales. La doctrina jurisprudencial va definiendo el m̀bio de proteccin̤ de este derecho, tanto en cuanto a su extensin̤, como a los datos y elementos protegidos por el mismo. La sentencia del Tribunal de Justicia de la Unin̤ Europea , Gran Sala, de 8 de abril de 2014, plantea dudas sobre la constitucionalidad de la Ley de 25/2007, o, al menos, su adecuacin̤ al artc̕ulo 8 del Convenio Europeo de Derechos Humanos. Por otra parte, la interceptacin̤, incautacin̤ o intromisin̤ en dispositivos electrn̤icos e informt̀icos presenta una problemt̀ica especf̕ica, al poder implicar una lesin̤ de diversos derechos constitucionales, y entre ellos, el secreto de las comunicaciones, de ah ̕que en la reciente jurisprudencia se acuę un nuevo třmino ±el derecho al entorno digital». 
506 1 |a Disponible solo en los productos indicados  |d vLex Global  |d vLex Global (Academic Edition, excluding Law Schools)  |d vLex Global (U.S. Academic Edition, Law Schools)  |d vLex Global (U.S. Academic Edition, excluding Law Schools)  |d vLex Global (Academic Edition, Law Schools) 
650 0 4 |a Derecho constitucional  |z Espaą 
740 0 |a vLex Libros (Servicio en ln̕ea) 
856 4 0 |u http://vlex.com/source/revision-del-concepto-constitucional-del-secreto-de-las-comunicaciones-20744  |z Acceso restringido 
942 |c BOOK 
999 0 |a Constitutional law